Fullmetal Alchemist song titles Quiz Stats

 Plays Quiz not verified by Sporcle

Challenge
Share
Tweet
Embed
Score 0/19 Timer 05:00
0 Plays Today
Artist Song Title % Correct
YuiAgain
81.3%
SidRain
71.8%
ChemistryPeriod
69.4%
L'Arc-en-CielReady Steady Go
64.3%
Porno GraffitiMelissa
61.5%
SukimaswitchGolden Time Lover
59.1%
NICO Touches the WallHologram
57.5%
Asian Kung Fu GenerationRewrite
51.2%
SidUso
48.4%
Vic MignognaBrothers
44.8%
Artist Song Title % Correct
Cool JokeUndo
42.5%
Miho FukuharaLet It Out
41.7%
ScandalShunkan Sentimental
35.3%
Crystal KayMotherland
29.4%
Shoko NakagawaRay Of Light
29%
SoweluI Will
26.6%
Lil'BTsunaida Te
22.6%
NanakitadeIndelible Sin
9.5%
Yellow GenerationTo The Other Side of the Door
3.6%

You're not logged in!

Compare scores with friends on all Sporcle quizzes.
OR
Log In

You Might Also Like...

Show Comments

Extras

Top Quizzes Today


Score Distribution

Your Account Isn't Verified!

In order to create a playlist on Sporcle, you need to verify the email address you used during registration. Go to your Sporcle Settings to finish the process.

Report this User

Report this user for behavior that violates our Community Guidelines.

Details: